Ancient Generals By Image - Statistics

General Stats
  • This quiz has been taken 238 times
  • The average score is 7 of 16
Answer Stats
Picture Answer % Correct
Julius Caesar
98%
Alexander
94%
Augustus
79%
Hannibal
73%
Scipio
52%
Mark Antony
48%
Pompey
47%
Trajan
42%
Attila
38%
Belisarius
35%
Agrippa
22%
Phillip
16%
Pyrrhus
15%
Nebuchadnezzar
13%
Aurelian
12%
Hephaestion
1%
No matching quizzes found
Score Distribution
Percent of People with Each Score
Percentile by Number Answered
Your Score History
You have not taken this quiz